Municipios españoles más poblados que comienzan con P - Estadísticas

Estadísticas generales
  • Esta prueba ha sido intentada 533 veces
  • La puntuación promedio es 9 de 20
Estadísticas de respuestas
Población Municipio Comunidad % Correcto
206.233 Pamplona Navarra
97%
430.640 Palma Islas Baleares
96%
76.266 Palencia Castilla y León
92%
82.592 Pontevedra Galicia
86%
132.842 Parla Com. de Madrid
69%
62.941 Ponferrada Castilla y León
64%
55.178 Pinto Com. de Madrid
57%
39.725 Plasencia Extremadura
56%
45.243 Puertollano Castilla-La Mancha
51%
88.504 Pozuelo de Alarcón Com. de Madrid
49%
44.648 Portugalete País Vasco
45%
73.362 Paterna Com. Valenciana
44%
27.292 Paiporta Com. Valenciana
26%
43.493 Puerto del Rosario Canarias
20%
42.042 Puerto Real Andalucía
20%
31.396 Puerto de la Cruz Canarias
18%
34.013 Petrer Com. Valenciana
13%
29.862 Puente Genil Andalucía
12%
28.702 Premià de Mar Cataluña
7%
28.840 Pineda de Mar Cataluña
3%
No se encontraron pruebas coincidentes
Distribución de puntuación
Porcentaje de gente con cada puntuación
Porcentaje por número respondido
Historial de tus puntuaciones
No has intentado esta prueba.